| 000 | 00349nam a2200121Ia 4500 | ||
|---|---|---|---|
| 008 | 180219s9999 xx 000 0 und d | ||
| 020 | _a1582551685 | ||
| 100 | _aMcCann, Judith A. Schiling | ||
| 245 |
_aPathophysiology : _bMade incredibly easy |
||
| 250 | _a2nd ed | ||
| 260 |
_aUSA : _bLippincott williams & wilkins _c2002 |
||
| 300 | _avii, 432 pages | ||
| 999 |
_c355924 _d355924 |
||